पुस्तकालय संगठन तथा व्यवस्थापन (Record no. 388386)

MARC details
000 -LEADER
fixed length control field 00941nam a2200253Ia 4500
003 - CONTROL NUMBER IDENTIFIER
control field OSt
005 - DATE AND TIME OF LATEST TRANSACTION
control field 20220923230935.0
008 - FIXED-LENGTH DATA ELEMENTS--GENERAL INFORMATION
fixed length control field 220922b |||||||| |||| 00| 0 hin d
037 ## - SOURCE OF ACQUISITION
Terms of availability Textual
040 ## - CATALOGING SOURCE
Original cataloging agency ARTS
Transcribing agency ARTS
Language of cataloging hin
041 ## - LANGUAGE CODE
Source of code hin
Language code of text/sound track or separate title hin
100 ## - MAIN ENTRY--PERSONAL NAME
Personal name सक्सेना, एल.एस., संपा.
9 (RLIN) 160746
245 #0 - TITLE STATEMENT
Title पुस्तकालय संगठन तथा व्यवस्थापन
246 ## - VARYING FORM OF TITLE
Title proper/short title Pustakālaya sangaṭhan tathā vyavasthāpana
260 ## - PUBLICATION, DISTRIBUTION, ETC.
Place of publication, distribution, etc. भोपाल
Name of publisher, distributor, etc. हिन्दी ग्रंथ अकादमी
Date of publication, distribution, etc. 1988
300 ## - PHYSICAL DESCRIPTION
Extent 455i`-
Dimensions cm.
650 ## - SUBJECT ADDED ENTRY--TOPICAL TERM
Topical term or geographic name entry element पुस्तकालय-सूचना प्रौद्योगिकी
9 (RLIN) 158639
942 ## - ADDED ENTRY ELEMENTS (KOHA)
Classification part 2:8, 152M8
Koha item type Textual
Source of classification or shelving scheme Colon Classification (CC)
Holdings
Withdrawn status Lost status Damaged status Not for loan Home library Current library Date acquired Total Checkouts Full call number Barcode Date last seen Price effective from Koha item type
        Arts Library Arts Library 2022-09-23   2:8 152M8 BL0927957 Bra 2022-09-23 2022-09-23 Textual
Copyright @ Delhi University Library System